[Event "Sochi ChessAmateur op"]
[Site "Sochi"]
[Date "2018.04.03"]
[Round "4"]
[White "Karmov, Mazhmudin"]
[Black "Bikchentaev, Farit Kharulovich"]
[Result "1-0"]
[WhiteElo "2089"]
[BlackElo "1782"]
[PlyCount "79"]
[EventDate "2018.04.01"]
[EventType "swiss"]
[EventRounds "9"]
[EventCountry "RUS"]
[SourceTitle "CBM 184 Extra"]
[Source "ChessBase"]
[SourceDate "2018.06.28"]
[SourceVersion "1"]
[SourceVersionDate "2018.06.28"]
[SourceQuality "1"]

1. e4 c6 2. d4 d5 3. e5 Bf5 4. Ne2 e6 5. Ng3 Bg6 6. h4 h6 7. h5 Bh7 8. Bd3 Bxd3 9. cxd3 Nd7 10. Nc3 Rc8 11. f4 Qb6 12. Nce2 c5 13. dxc5 Qxc5 14. d4 Qc2 15. Qxc2 Rxc2 16. Kd1 Rc6 17. f5 Nb6 18. b3 Bb4 19. Bb2 Na8 20. Rc1 Kd7 21. Rxc6 bxc6 22. fxe6+ fxe6 23. Nf4 Nc7 24. Ng6 Rh7 25. Rf1 Ke8 26. a3 Be7 27. b4 a6 28. Ne2 Kd7 29. Nef4 Ke8 30. Nd3 Na8 31. Nc5 Nc7 32. Kc2 Kd8 33. Kb3 Ke8 34. Ka4 Kd8 35. Ka5 Bxc5 36. bxc5 Ne7 37. Rf8+ Ne8 38. Kxa6 Nf5 39. Bc3 Kd7 40. Kb7 1-0

[Event "World Amateur-ch U2300"]
[Site "Spoleto"]
[Date "2017.04.01"]
[Round "1"]
[White "Karmov, Mazhmudin"]
[Black "Taksrud, Vidar"]
[Result "1-0"]
[WhiteElo "2135"]
[BlackElo "1930"]
[PlyCount "97"]
[EventDate "2017.04.01"]
[EventType "swiss"]
[EventRounds "9"]
[EventCountry "ITA"]
[SourceTitle "CBM 177 Extra"]
[Source "ChessBase"]
[SourceDate "2017.04.27"]
[SourceVersion "1"]
[SourceVersionDate "2017.04.27"]
[SourceQuality "1"]

1. e4 c6 2. d4 d5 3. e5 Bf5 4. Ne2 e6 5. Ng3 Bg6 6. h4 h6 7. h5 Bh7 8. Bd3 Bxd3 9. cxd3 Qb6 10. Rh4 Nd7 11. Nc3 Ne7 12. Nce2 g5 13. hxg6 Nxg6 14. Rh3 0-0-0 15. a3 Be7 16. b4 f5 17. Nh5 Rdg8 18. Kf1 Qd8 19. Nhf4 Ndf8 20. Be3 Bg5 21. Nxg6 Nxg6 22. f4 Be7 23. Qa4 a6 24. Rc1 Kb8 25. Qb3 Qf8 26. Rb1 Qg7 27. g3 h5 28. Ke1 h4 29. Kd2 hxg3 30. Rxg3 Rh2 31. Rbg1 Qh7 32. Qd1 Bh4 33. R3g2 Rxg2 34. Rxg2 Bd8 35. Qg1 Nh4 36. Rxg8 Nf3+ 37. Kd1 Nxg1 38. Rxg1 a5 39. Bd2 Ka7 40. bxa5 Ka6 41. Nc1 Bxa5 42. Bxa5 Kxa5 43. Nb3+ Ka4 44. Nc5+ Kxa3 45. Rf1 Qe7 46. Kc2 Qh4 47. Kc3 Ka2 48. Nb3 b5 49. Ra1# 1-0

[Event "Wch Seniors 65 26th"]
[Site "Marianske Lazne"]
[Date "2016.11.24"]
[Round "6"]
[White "Shevelev, Arkady"]
[Black "Karmov, Mazhmudin"]
[Result "1/2-1/2"]
[WhiteElo "2283"]
[BlackElo "2122"]
[PlyCount "115"]
[EventDate "2016.11.19"]
[EventType "swiss"]
[EventRounds "11"]
[EventCountry "CZE"]
[SourceTitle "CBM 175 Extra"]
[Source "ChessBase"]
[SourceDate "2016.12.12"]
[SourceVersion "1"]
[SourceVersionDate "2016.12.12"]
[SourceQuality "1"]

1. e4 c5 2. Nf3 Nc6 3. d4 cxd4 4. Nxd4 Nf6 5. Nc3 g6 6. Nxc6 bxc6 7. e5 Ng8 8. Bc4 Qa5 9. Bf4 Bg7 10. Qf3 Bxe5 11. Bxf7+ Kxf7 12. Bxe5+ Nf6 13. Bxf6 exf6 14. 0-0 d5 15. Rfe1 Be6 16. Qf4 Rhe8 17. Qd6 Qb6 18. Na4 Rad8 19. Qf4 Qa5 20. Qd4 Bf5 21. Nc3 c5 22. Qd2 d4 23. Ne4 Qxd2 24. Nxd2 Bxc2 25. f3 a5 26. Kf2 Rb8 27. Nc4 Red8 28. b3 a4 29. Nd2 Rd7 30. Rac1 d3 31. Re4 axb3 32. axb3 f5 33. Re5 Rc7 34. f4 Ra8 35. Ke3 Ra2 36. h3 Re7 37. Nf3 Rb2 38. Ra1 h6 39. Ra5 Bxb3 40. Raxc5 Rxg2 41. Kxd3 Rg3 42. Ke2 Bd1+ 43. Kxd1 Rxf3 44. Rxe7+ Kxe7 45. Rc7+ Ke8 46. Rc8+ Kd7 47. Rg8 Rxf4 48. Rxg6 Rh4 49. Rf6 Rh5 50. Ke2 Ke7 51. Ra6 Rxh3 52. Kf2 Kf7 53. Kg2 Rh4 54. Kf3 Rh1 55. Kf4 Rf1+ 56. Kg3 Kg7 57. Rb6 h5 58. Kh4 1/2-1/2

[Event "World Amateur-ch U2300"]
[Site "Chalkidiki"]
[Date "2016.04.24"]
[Round "6"]
[White "Karmov, Mazhmudin"]
[Black "Abdilkhair, Abilmansur"]
[Result "1-0"]
[WhiteElo "2216"]
[BlackElo "2007"]
[PlyCount "47"]
[EventDate "2016.04.19"]
[EventType "swiss"]
[EventRounds "9"]
[EventCountry "GRE"]
[SourceTitle "CBM 172 Extra"]
[Source "ChessBase"]
[SourceDate "2016.06.21"]
[SourceVersion "1"]
[SourceVersionDate "2016.06.21"]
[SourceQuality "1"]

1. c4 Nf6 2. Nc3 c5 3. Nf3 Nc6 4. g3 g6 5. Bg2 Bg7 6. 0-0 0-0 7. a3 d5 8. cxd5 Nxd5 9. Qc2 Bg4 10. e3 Rc8 11. h3 Be6 12. Ng5 Nxc3 13. dxc3 Bc4 14. Rd1 Qb6 15. Bd5 Bxd5 16. Rxd5 Rfd8 17. e4 e6 18. Rxd8+ Rxd8 19. Be3 Ne5 20. b4 h6 21. f4 Rd3 22. fxe5 Rxe3 23. Qf2 cxb4 24. Qxf7+ 1-0

[Event "World Amateur-ch U2300"]
[Site "Chalkidiki"]
[Date "2016.04.22"]
[Round "4"]
[White "Karmov, Mazhmudin"]
[Black "Tserendorj, Batsaikhan"]
[Result "0-1"]
[WhiteElo "2216"]
[BlackElo "2081"]
[PlyCount "90"]
[EventDate "2016.04.19"]
[EventType "swiss"]
[EventRounds "9"]
[EventCountry "GRE"]
[SourceTitle "CBM 172 Extra"]
[Source "ChessBase"]
[SourceDate "2016.06.21"]
[SourceVersion "1"]
[SourceVersionDate "2016.06.21"]
[SourceQuality "1"]

1. d4 Nf6 2. c4 c5 3. d5 b5 4. cxb5 a6 5. bxa6 g6 6. g3 Bg7 7. Bg2 d6 8. Nf3 0-0 9. 0-0 Nbd7 10. Nc3 Nb6 11. Re1 Bxa6 12. e4 Ng4 13. Bf1 Bxf1 14. Rxf1 Ne5 15. Nxe5 Bxe5 16. Qe2 Na4 17. Nxa4 Rxa4 18. Bh6 Re8 19. Bf4 Bg7 20. Rfb1 Qa8 21. a3 Rb8 22. h4 h5 23. Qc2 c4 24. Ra2 Rb3 25. Re1 Qa5 26. Re2 Qb5 27. e5 dxe5 28. Bxe5 Bxe5 29. Rxe5 c3 30. Re2 Rd4 31. bxc3 Rb1+ 32. Kg2 Qxd5+ 33. f3 Rdd1 34. Qe4 Rg1+ 35. Kf2 Qc5+ 36. Qd4 Qf5 37. Qe4 Qf6 38. Rac2 Rbf1+ 39. Ke3 Rxg3 40. Rf2 Re1+ 41. Rfe2 Rd1 42. Red2 Rxd2 43. Kxd2 Rxf3 44. a4 Rf4 45. Qa8+ Kh7 0-1

[Event "Wch Seniors 50 25th"]
[Site "Acqui Terme"]
[Date "2015.11.21"]
[Round "11"]
[White "Bruno, Fabio"]
[Black "Karmov, Mazhmudin"]
[Result "1-0"]
[WhiteElo "2420"]
[BlackElo "2209"]
[PlyCount "53"]
[EventDate "2015.11.10"]
[EventType "swiss"]
[EventRounds "11"]
[EventCountry "ITA"]
[SourceTitle "CBM 169 Extra"]
[Source "ChessBase"]
[SourceDate "2015.12.18"]
[SourceVersion "1"]
[SourceVersionDate "2015.12.18"]
[SourceQuality "1"]

1. c4 e5 2. Nc3 d6 3. g3 f5 4. Bg2 Nf6 5. d4 exd4 6. Qxd4 Nc6 7. Qd2 g6 8. b3 Bg7 9. Bb2 0-0 10. Rd1 Re8 11. Nh3 h6 12. Nf4 Kh7 13. 0-0 Be6 14. Rfe1 Bf7 15. Qc2 Rb8 16. c5 Nb4 17. Qb1 Re7 18. cxd6 cxd6 19. h4 Rd7 20. h5 Nxh5 21. Nxh5 gxh5 22. Bh3 Kg8 23. Bxf5 Re7 24. Ne4 Be5 25. Nf6+ Kg7 26. Nd7 Rxd7 27. Bxe5+ 1-0

[Event "Wch Seniors 50 25th"]
[Site "Acqui Terme"]
[Date "2015.11.17"]
[Round "7"]
[White "Llanos, Guillermo"]
[Black "Karmov, Mazhmudin"]
[Result "1-0"]
[WhiteElo "2388"]
[BlackElo "2209"]
[PlyCount "85"]
[EventDate "2015.11.10"]
[EventType "swiss"]
[EventRounds "11"]
[EventCountry "ITA"]
[SourceTitle "CBM 169 Extra"]
[Source "ChessBase"]
[SourceDate "2015.12.18"]
[SourceVersion "1"]
[SourceVersionDate "2015.12.18"]
[SourceQuality "1"]

1. d4 Nf6 2. g3 d5 3. Bg2 c6 4. Nf3 g6 5. 0-0 Bg7 6. c3 0-0 7. Nbd2 a5 8. Re1 c5 9. dxc5 Na6 10. c6 bxc6 11. Qa4 c5 12. e4 Bd7 13. Qc2 e6 14. e5 Ne8 15. Nf1 f6 16. exf6 Nxf6 17. Ne5 Be8 18. Bg5 Rb8 19. Rad1 Qb6 20. Rd2 Nd7 21. Bf4 Nxe5 22. Bxe5 Bxe5 23. Rxe5 Bf7 24. h4 c4 25. Nh2 Nc5 26. Ng4 Kg7 27. Ree2 a4 28. Ne5 Rfd8 29. h5 Be8 30. Rd4 gxh5 31. Qd2 Qc7 32. Qg5+ Bg6 33. Bxd5 a3 34. bxa3 Rb1+ 35. Kh2 Rxd5 36. Rxd5 Qb7 37. Nxg6 hxg6 38. Ree5 Qf7 39. Qe3 Nd3 40. Rxe6 Nxf2 41. Qd4+ Kh7 42. Rd7 Ng4+ 43. Kh3 1-0

[Event "Wch Seniors 50 25th"]
[Site "Acqui Terme"]
[Date "2015.11.15"]
[Round "6"]
[White "Roselli Mailhe, Bernardo"]
[Black "Karmov, Mazhmudin"]
[Result "1/2-1/2"]
[WhiteElo "2409"]
[BlackElo "2209"]
[PlyCount "70"]
[EventDate "2015.11.10"]
[EventType "swiss"]
[EventRounds "11"]
[EventCountry "ITA"]
[SourceTitle "CBM 169 Extra"]
[Source "ChessBase"]
[SourceDate "2015.12.18"]
[SourceVersion "1"]
[SourceVersionDate "2015.12.18"]
[SourceQuality "1"]

1. d4 Nf6 2. c4 c5 3. d5 e6 4. Nc3 exd5 5. cxd5 g6 6. Nf3 d6 7. Bf4 Bg7 8. h3 0-0 9. e3 Nh5 10. Bh2 f5 11. Be2 a6 12. a4 f4 13. 0-0 Qe7 14. Qd3 Nd7 15. Rae1 b5 16. exf4 Nxf4 17. Qd2 Bh6 18. Qc2 Ne5 19. Nxe5 Qxe5 20. Bg4 Bf5 21. Bxf5 Qxf5 22. Qxf5 Rxf5 23. axb5 axb5 24. Nxb5 Bf8 25. Re4 Rb8 26. Nc7 Nd3 27. g4 Rf7 28. Ne6 Rxb2 29. Bg3 Be7 30. Ra1 Nxf2 31. Ra8+ Bf8 32. Re1 Nxh3+ 33. Kh1 Nf2+ 34. Kg1 Nh3+ 35. Kh1 Nf2+ 1/2-1/2

[Event "Nalchik SKFO-ch"]
[Site "Nalchik"]
[Date "2013.03.22"]
[Round "9"]
[White "Taysayev, Timur"]
[Black "Karmov, Mazhmudin"]
[Result "1/2-1/2"]
[WhiteElo "2164"]
[BlackElo "2155"]
[PlyCount "81"]
[EventDate "2013.03.13"]
[EventType "swiss"]
[EventRounds "9"]
[EventCountry "RUS"]
[SourceTitle "CBM 153 Extra"]
[Source "ChessBase"]
[SourceDate "2013.04.22"]
[SourceVersion "1"]
[SourceVersionDate "2013.04.22"]
[SourceQuality "1"]

1. e4 e5 2. Nf3 Nc6 3. Bb5 f5 4. d3 fxe4 5. dxe4 Nf6 6. Nc3 Bb4 7. 0-0 Bxc3 8. bxc3 d6 9. Qd3 Bd7 10. Rb1 a6 11. Bc4 b5 12. Bb3 Na5 13. Ng5 Nxb3 14. cxb3 h6 15. Nf3 0-0 16. Be3 Ng4 17. h3 Nxe3 18. fxe3 Be6 19. Nd2 Qd7 20. Rxf8+ Rxf8 21. Rf1 Rxf1+ 22. Qxf1 c5 23. a3 c4 24. b4 d5 25. exd5 Qxd5 26. Qe2 e4 27. Nf1 Kf7 28. Qd2 Qd3 29. Qxd3 cxd3 30. Nd2 Bd5 31. Kf2 Kf6 32. Kg3 Kf5 33. Kh2 h5 34. Kg3 g5 35. Kh2 Ke5 36. g3 Be6 37. Kg2 Kd5 38. Kh2 Bf5 39. Kg2 Be6 40. Kh2 Bf5 41. Kg2 1/2-1/2

[Event "Nalchik SKFO-ch"]
[Site "Nalchik"]
[Date "2013.03.20"]
[Round "7"]
[White "Poliushkina, Darjia"]
[Black "Karmov, Mazhmudin"]
[Result "0-1"]
[WhiteElo "1960"]
[BlackElo "2155"]
[PlyCount "100"]
[EventDate "2013.03.13"]
[EventType "swiss"]
[EventRounds "9"]
[EventCountry "RUS"]
[SourceTitle "CBM 153 Extra"]
[Source "ChessBase"]
[SourceDate "2013.04.22"]
[SourceVersion "1"]
[SourceVersionDate "2013.04.22"]
[SourceQuality "1"]

1. e4 c5 2. Nf3 g6 3. d4 cxd4 4. Qxd4 Nf6 5. Bb5 a6 6. e5 axb5 7. exf6 e6 8. Nc3 Nc6 9. Qf4 b4 10. Nb5 d6 11. 0-0 Ra5 12. Nbd4 Nxd4 13. Qxd4 Rc5 14. Bd2 Rxc2 15. Qxb4 Rc6 16. Bc3 Qb6 17. Qh4 h6 18. Rad1 e5 19. Ng5 Rg8 20. Nh7 g5 21. Qe4 Rg6 22. h4 gxh4 23. Nxf8 Kxf8 24. Qxh4 Kg8 25. Bd2 Kh7 26. Be3 Qxb2 27. Rd2 Qa3 28. Rfd1 Be6 29. Qe4 Rc4 30. Qxb7 Rcg4 31. Rxd6 Rxg2+ 32. Qxg2 Rxg2+ 33. Kxg2 Bg4 34. f3 Bh5 35. R1d3 Qxa2+ 36. Rd2 Qa8 37. R2d5 Qa3 38. Rd3 Qa4 39. R3d5 Qc2+ 40. Bf2 Qf5 41. Rd3 e4 42. fxe4 Qxe4+ 43. Kg1 Bf3 44. Bg3 Be2 45. Rd2 Qg4 46. Kh2 Bf3 47. Be1 Qh5+ 48. Kg3 Be4 49. Kf4 Bb7 50. R2d3 Qg5# 0-1

[Event "Doroshkevich Memorial op"]
[Site "Sochi"]
[Date "2012.12.03"]
[Round "8"]
[White "Karmov, Mazhmudin"]
[Black "Demidov, Vladislav"]
[Result "1/2-1/2"]
[WhiteElo "2197"]
[BlackElo "2061"]
[PlyCount "69"]
[EventDate "2012.11.26"]
[EventType "swiss"]
[EventRounds "9"]
[EventCountry "RUS"]
[SourceTitle "EXT 2014"]
[Source "ChessBase"]
[SourceDate "2013.11.20"]
[SourceVersion "1"]
[SourceVersionDate "2013.11.20"]
[SourceQuality "1"]

1. e4 d5 2. exd5 Qxd5 3. Nc3 Qd6 4. d4 Nf6 5. Nf3 g6 6. Nb5 Qd8 7. Bf4 Na6 8. Bc4 Bg7 9. Ne5 0-0 10. 0-0 c6 11. Nc3 Nb4 12. Re1 Bf5 13. Bb3 Nbd5 14. Bg5 Nxc3 15. bxc3 Ne4 16. g4 Bxe5 17. gxf5 Nxc3 18. Qf3 Qxd4 19. fxg6 hxg6 20. Bxe7 Kg7 21. Bxf8+ Rxf8 22. Kg2 c5 23. Qxb7 Qf4 24. Rxe5 Qxe5 25. Rf1 Qg5+ 26. Kh1 Qf6 27. Kg2 c4 28. Qf3 Qxf3+ 29. Kxf3 cxb3 30. axb3 Rh8 31. Ra1 Nb5 32. Ke3 Rh3+ 33. f3 Rxh2 34. c4 Nd6 35. Rxa7 1/2-1/2

[Event "Doroshkevich Memorial op"]
[Site "Sochi"]
[Date "2012.12.01"]
[Round "6"]
[White "Karmov, Mazhmudin"]
[Black "Varavin, Viktor"]
[Result "0-1"]
[WhiteElo "2197"]
[BlackElo "2449"]
[PlyCount "98"]
[EventDate "2012.11.26"]
[EventType "swiss"]
[EventRounds "9"]
[EventCountry "RUS"]
[SourceTitle "EXT 2014"]
[Source "ChessBase"]
[SourceDate "2013.11.20"]
[SourceVersion "1"]
[SourceVersionDate "2013.11.20"]
[SourceQuality "1"]

1. d4 d5 2. Nf3 Nc6 3. Bf4 Bg4 4. e3 e6 5. h3 Bh5 6. Bb5 Bd6 7. g4 Bxf4 8. exf4 Bg6 9. Ne5 Nge7 10. Bxc6+ bxc6 11. Nc3 Rb8 12. Na4 Qd6 13. c3 0-0 14. b4 f6 15. Nxg6 Nxg6 16. f5 exf5 17. gxf5 Nh4 18. 0-0 Nxf5 19. Qg4 Nh6 20. Qg3 Rfe8 21. Rae1 Nf7 22. Nc5 Ng5 23. Kg2 Ne4 24. Nxe4 dxe4 25. Re3 f5 26. f4 Re6 27. Kh2 Rg6 28. Qh4 a5 29. a3 axb4 30. axb4 Ra8 31. Rf2 Ra1 32. Rg3 Qf6 33. Qxf6 gxf6 34. Rb2 Rxg3 35. Kxg3 Rc1 36. b5 Rxc3+ 37. Kg2 Kf7 38. bxc6 Rxc6 39. Rb5 Rc2+ 40. Kg3 Rc3+ 41. Kg2 Kg6 42. h4 h5 43. Rb8 Rf3 44. Rg8+ Kf7 45. Rc8 Rxf4 46. Rxc7+ Ke6 47. Rc6+ Kd5 48. Rxf6 Kxd4 49. Kg3 Rg4+ 0-1

[Event "Doroshkevich Memorial op"]
[Site "Sochi"]
[Date "2012.11.30"]
[Round "5"]
[White "Lastin, Alexander"]
[Black "Karmov, Mazhmudin"]
[Result "1/2-1/2"]
[WhiteElo "2530"]
[BlackElo "2197"]
[PlyCount "39"]
[EventDate "2012.11.26"]
[EventType "swiss"]
[EventRounds "9"]
[EventCountry "RUS"]
[SourceTitle "EXT 2014"]
[Source "ChessBase"]
[SourceDate "2013.11.20"]
[SourceVersion "1"]
[SourceVersionDate "2013.11.20"]
[SourceQuality "1"]

1. e4 c5 2. Nf3 g6 3. d4 cxd4 4. Nxd4 Bg7 5. Nc3 Nc6 6. Be3 Nf6 7. Bc4 0-0 8. Bb3 a5 9. 0-0 a4 10. Nxa4 Nxe4 11. Nb5 Rxa4 12. Bxa4 Bxb2 13. Rb1 Bg7 14. Qe2 d5 15. Rfd1 Qa5 16. Bb3 d4 17. Bf4 Nc5 18. Bc7 Qa6 19. Bd5 Be6 20. Qc4 1/2-1/2

[Event "Doroshkevich Memorial op"]
[Site "Sochi"]
[Date "2012.11.28"]
[Round "3"]
[White "Karmov, Mazhmudin"]
[Black "Sunzhukhanov, Abubakar"]
[Result "1-0"]
[WhiteElo "2197"]
[BlackElo "1986"]
[PlyCount "61"]
[EventDate "2012.11.26"]
[EventType "swiss"]
[EventRounds "9"]
[EventCountry "RUS"]
[SourceTitle "EXT 2014"]
[Source "ChessBase"]
[SourceDate "2013.11.20"]
[SourceVersion "1"]
[SourceVersionDate "2013.11.20"]
[SourceQuality "1"]

1. e4 e5 2. Nf3 Nc6 3. Bb5 a6 4. Ba4 Nf6 5. 0-0 Be7 6. Re1 b5 7. Bb3 0-0 8. a4 b4 9. d4 d6 10. c3 Rb8 11. h3 bxc3 12. bxc3 exd4 13. cxd4 a5 14. Nc3 Ba6 15. Rb1 Nb4 16. e5 Ne8 17. e6 f5 18. Bg5 Kh8 19. Qd2 Nf6 20. Bc2 Nxc2 21. Qxc2 Rxb1 22. Rxb1 h6 23. Qxf5 hxg5 24. Nxg5 Qe8 25. Nf7+ Rxf7 26. exf7 Qxf7 27. Rb8+ Bf8 28. Qxa5 Bc4 29. Rc8 c5 30. dxc5 dxc5 31. Qxc5 1-0

[Event "Moscow op-E"]
[Site "Moscow"]
[Date "2011.02.06"]
[Round "9.60"]
[White "Musalov, Ruslan"]
[Black "Karmov, Mazhmudin"]
[Result "1-0"]
[WhiteElo "2410"]
[BlackElo "2218"]
[PlyCount "73"]
[EventDate "2011.01.29"]
[EventType "swiss"]
[EventRounds "9"]
[EventCountry "RUS"]
[SourceTitle "EXT 2022"]
[Source "ChessBase"]
[SourceDate "2021.10.06"]
[SourceVersion "1"]
[SourceVersionDate "2021.10.06"]
[SourceQuality "1"]

1. e4 c5 2. d4 cxd4 3. c3 dxc3 4. Nxc3 Nc6 5. Bc4 d6 6. Nf3 e6 7. 0-0 Be7 8. Qe2 Nf6 9. Rd1 e5 10. Bg5 Bg4 11. Nb5 a6 12. Bxf6 gxf6 13. Nc3 Nd4 14. Rxd4 exd4 15. Nd5 Rc8 16. Bb3 Qa5 17. Rd1 Rg8 18. h3 Bxh3 19. Nxd4 Rxg2+ 20. Kh1 Bg4 21. Qe3 Bxd1 22. Kxg2 Bxb3 23. axb3 Qc5 24. Qh3 Qc1 25. Nf5 Bf8 26. Nfe3 Be7 27. Qxh7 Bd8 28. Qg8+ Kd7 29. Qxf7+ Kc6 30. Qe8+ Kc5 31. Qd7 Kd4 32. Qa4+ Kc5 33. Qd7 Kd4 34. Nf5+ Kd3 35. Nb4+ Ke2 36. Ng3+ Kd1 37. Qg4+ 1-0

[Event "Moscow op-E"]
[Site "Moscow"]
[Date "2011.02.03"]
[Round "6.110"]
[White "Karmov, Mazhmudin"]
[Black "Bogdanov, Nikolay"]
[Result "0-1"]
[WhiteElo "2218"]
[BlackElo "1969"]
[PlyCount "92"]
[EventDate "2011.01.29"]
[EventType "swiss"]
[EventRounds "9"]
[EventCountry "RUS"]
[SourceTitle "EXT 2022"]
[Source "ChessBase"]
[SourceDate "2021.10.06"]
[SourceVersion "1"]
[SourceVersionDate "2021.10.06"]
[SourceQuality "1"]

1. e4 d6 2. d4 Nf6 3. f3 Nbd7 4. Be3 g6 5. c4 Bg7 6. Nc3 0-0 7. Qd2 c5 8. 0-0-0 Qa5 9. Kb1 a6 10. Nd5 Qd8 11. dxc5 dxc5 12. Bxc5 Nxd5 13. Qxd5 Qe8 14. Bd4 Nf6 15. Qa5 Be6 16. Bd3 Qc6 17. b3 b5 18. c5 Rfd8 19. Ne2 Rxd4 20. Nxd4 Qxc5 21. Nxe6 fxe6 22. f4 Nd5 23. exd5 Qd4 24. Rd2 Rc8 25. Bc4 Qa1+ 26. Kc2 Qb2+ 27. Kd1 Qb1+ 28. Ke2 Qxh1 29. Qxa6 Qxg2+ 30. Kd1 Qg4+ 31. Re2 exd5 32. Bxb5 Qg1+ 33. Re1 Qd4+ 34. Bd3 Rc3 35. Ke2 Bf6 36. Rd1 Qxf4 37. Qa8+ Kg7 38. Qxd5 Qxh2+ 39. Kf1 Qf4+ 40. Ke2 Qh2+ 41. Kf1 Qh3+ 42. Ke2 Qh2+ 43. Kf1 Qf4+ 44. Ke2 Bd4 45. Qf3 Qh2+ 46. Kf1 Rc6 0-1

[Event "Moscow op-E"]
[Site "Moscow"]
[Date "2011.01.31"]
[Round "3.133"]
[White "Abdurakhmanov, Abdurakhma"]
[Black "Karmov, Mazhmudin"]
[Result "0-1"]
[WhiteElo "1982"]
[BlackElo "2218"]
[PlyCount "64"]
[EventDate "2011.01.29"]
[EventType "swiss"]
[EventRounds "9"]
[EventCountry "RUS"]
[SourceTitle "EXT 2022"]
[Source "ChessBase"]
[SourceDate "2021.10.06"]
[SourceVersion "1"]
[SourceVersionDate "2021.10.06"]
[SourceQuality "1"]

1. c4 e5 2. Nc3 d6 3. g3 f5 4. Bg2 Nf6 5. e4 fxe4 6. Nxe4 Nc6 7. Ne2 Be7 8. 0-0 0-0 9. d4 Nxe4 10. Bxe4 Bg4 11. dxe5 dxe5 12. Qc2 h6 13. f3 Bh3 14. Rd1 Bc5+ 15. Kh1 Qf6 16. g4 Rad8 17. Bd2 Nd4 18. Nxd4 Bxd4 19. Bc3 c6 20. Bxd4 Rxd4 21. Rxd4 exd4 22. Rg1 d3 23. Qd2 Rd8 24. Re1 Qd4 25. Bf5 a5 26. Re7 Bf1 27. Re4 Qf6 28. Qe3 Qf8 29. Re7 d2 30. Qe6+ Kh8 31. Qg6 Qg8 32. Bc2 Bd3 0-1

[Event "Anapa op"]
[Site "Anapa"]
[Date "2009.09.01"]
[Round "2"]
[White "Furtuna, Alexei"]
[Black "Karmov, Mazhmudin"]
[Result "1-0"]
[WhiteElo "2318"]
[BlackElo "2235"]
[PlyCount "99"]
[EventDate "2009.08.31"]
[EventType "swiss"]
[EventRounds "9"]
[EventCountry "RUS"]
[SourceTitle "CBM 132 Extra"]
[Source "ChessBase"]
[SourceDate "2009.11.03"]
[SourceVersion "1"]
[SourceVersionDate "2009.11.03"]
[SourceQuality "1"]

1. Nf3 Nf6 2. c4 g6 3. g3 Bg7 4. Bg2 0-0 5. 0-0 d6 6. Nc3 e5 7. d3 Re8 8. Bg5 h6 9. Bxf6 Qxf6 10. Rb1 g5 11. Nd5 Qd8 12. e4 f5 13. exf5 Bxf5 14. Ne3 Bg6 15. Ne1 Nc6 16. Be4 Bxe4 17. dxe4 Nd4 18. N1c2 Qd7 19. Kg2 Qa4 20. Ra1 a5 21. Qd3 Qc6 22. Nd5 Rab8 23. Rac1 Qd7 24. Nde3 b5 25. Nxd4 exd4 26. Nf5 c5 27. cxb5 Bf8 28. a4 d5 29. f3 Re5 30. g4 dxe4 31. fxe4 Rbe8 32. Rfe1 Qe6 33. Kf3 Qf6 34. b3 R8e6 35. Kg2 h5 36. h3 h4 37. Rc2 Qd8 38. Rce2 Kh7 39. Ne3 Bd6 40. Nc4 Bc7 41. Rf1 Rf6 42. Nxe5 Bxe5 43. Rxf6 Qxf6 44. Rf2 Qe7 45. Rf5 Kg6 46. Qc4 Bg7 47. Qd5 d3 48. Qxd3 Bd4 49. e5 Kg7 50. Qe4 1-0